书目信息 |
| 题名: |
中国真菌志
|
|
| 作者: | 郭英兰 主编 ;中国科学院 编辑 | |
| 分册: | 第六十七卷 尾孢属 (续) 及其近似属 | |
| 出版信息: | 北京 科学出版社 2024.06 |
|
| 页数: | xxiii, 385页 | |
| 开本: | 27cm | |
| 丛书名: | ||
| 单 册: | ||
| 中图分类: | Q949.32 , Q949.331 | |
| 科图分类: | ||
| 主题词: | 真菌门--zhen jun men--植物志--中国 , 尾孢属--wei bao shu--真菌门--植物志--中国 | |
| 电子资源: | ||
| ISBN: | 978-7-03-078663-0 | |
| 000 | 01477nam 2200325 450 | |
| 001 | 93807 | |
| 005 | 20250819163320.06 | |
| 010 | @a978-7-03-078663-0@b精装@dCNY398.00 | |
| 099 | @aCAL 012024077836 | |
| 100 | @a20240730d2024 em y0chiy50 ea | |
| 101 | 0 | @achi |
| 102 | @aCN@b110000 | |
| 105 | @aak a 001yy | |
| 106 | @ar | |
| 200 | 1 | @a中国真菌志@Azhong guo zhen jun zhi@f中国科学院中国孢子植物志编辑委员会编辑@h第六十七卷@i尾孢属 (续) 及其近似属@f郭英兰主编 |
| 210 | @a北京@c科学出版社@d2024.06 | |
| 215 | @axxiii, 385页@c图@d27cm | |
| 300 | @a中国科学院前沿科学重点研究项目 | |
| 320 | @a有书目 (第327-350页) 和索引 | |
| 330 | @a本卷册介绍了中国尾孢属及其近似属真菌的经济重要性、分类依据、形态、研究史、属级特征和与近似属的区别, 描述了寄生在60科植物上的19属150种真菌, 每个种有学名、异名、详细的形态描述、寄主、国内分布、世界分布以及与近似种的区别, 并附有149幅形态图。 | |
| 513 | 1 | @aFlora fungorum sinicorum@hVol.67@iCrecospora (supplementum) et genera cetera cognata@zlat |
| 517 | 1 | @a尾孢属 (续) 及其近似属@Awei bao shu ( xu ) ji qi jin si shu |
| 606 | 0 | @a真菌门@Azhen jun men@x植物志@y中国 |
| 606 | 0 | @a尾孢属@Awei bao shu@x真菌门@x植物志@y中国 |
| 690 | @aQ949.32@v5 | |
| 690 | @aQ949.331@v5 | |
| 701 | 0 | @a郭英兰@Aguo yinglan@4主编 |
| 712 | 02 | @a中国科学院@Azhong guo ke xue yuan@b中国孢子植物志编辑委员会@Bzhong guo bao zi zhi wu zhi bian ji wei yuan hui@4编辑 |
| 801 | 0 | @aCN@c20250909 |
| 905 | @a河南城建学院图书馆@dQ949.32@eZ587:67@f1 | |
| 中国真菌志/中国科学院中国孢子植物志编辑委员会编辑.第六十七卷.尾孢属 (续) 及其近似属/郭英兰主编.-北京:科学出版社,2024.06 |
| xxiii, 385页:图;27cm |
| 中国科学院前沿科学重点研究项目 |
| ISBN 978-7-03-078663-0(精装):CNY398.00 |
| 本卷册介绍了中国尾孢属及其近似属真菌的经济重要性、分类依据、形态、研究史、属级特征和与近似属的区别, 描述了寄生在60科植物上的19属150种真菌, 每个种有学名、异名、详细的形态描述、寄主、国内分布、世界分布以及与近似种的区别, 并附有149幅形态图。 |
| ● |
| 相关链接 |
|
|
|
正题名:中国真菌志
索取号:Q949.32/Z587:67
 
预约/预借
| 序号 | 登录号 | 条形码 | 馆藏地/架位号 | 状态 | 备注 |
| 1 | 1627764 | 216277641 | 自科库401/401自科库 35排4列3层/ [索取号:Q949.32/Z587:67] | 在馆 |